Animal Eye Pictures - Statistics

General Stats
  • This quiz has been taken 379 times
  • The average score is 23 of 28
Answer Stats
Picture Answer % Correct
Dog
98%
Elephant
96%
Macaw
95%
Cat
94%
Giant Panda
93%
Giraffe
93%
Dolphin
92%
Frog
92%
Python
92%
Tiger
91%
Zebra
91%
Monkey
88%
Sheep
87%
Pig
86%
Cow
85%
Human
85%
Rhinoceros
85%
Crab
84%
Eagle
82%
House Fly
82%
Fish
81%
Guinea Pig
75%
Mouse
73%
Turkey
67%
Squid
66%
Prawn
57%
Peacock
54%
Lizard
47%
No matching quizzes found
Score Distribution
Percent of People with Each Score
Percentile by Number Answered
Your Score History
You have not taken this quiz